| 000 | 00756nam a2200205 a 4500 | ||
|---|---|---|---|
| 001 | 21849 | ||
| 003 | CO-ViMGA | ||
| 008 | 141112s2004 ck r 000 u spa d | ||
| 040 |
_aCO-ViMGA _bspa _cCO-ViMGA |
||
| 082 | 0 | 4 | _aCD - ROM 636.20824 S353m |
| 100 | 1 |
_aSeminario internacional de reproducción bovina : Aspectos básicos y aplicados, _931178 |
|
| 260 |
_aVillavicencio : _bUnillanos, _c2005 |
||
| 300 | _a1 CD | ||
| 590 | _aForma de adquisición : Donación - - Precio : 15000 - - Proveedor : Unillanos - - Fecha de adquisición : 2007 | ||
| 650 | 1 | 4 |
_aGANADERIA - CONGRESOS _931179 |
| 650 | 1 | 4 | _aGANADO VACUNO |
| 650 | 1 | 4 |
_aGANADO VACUNO - MEJORAMIENTO DE LA ESPECIE _931180 |
| 650 | 1 | 4 |
_aREPRODUCCION ANIMALES - CONGRESOS _931181 |
| 942 |
_2ddc _cBK |
||
| 999 |
_c30397 _d30397 |
||